Hauptstädte, deren zweiter Buchstabe ein Konsonant ist - Statistiken

Allgemein
  • Dieses Quiz wurde 173 mal gespielt
    146 seit der letzten Aktualisierung
  • Das Durchschnittsergebnis liegt bei 23 aus 45
Antwortstatistiken
Hint Antwort % Korrekt
Stockholm
85%
Prag
84%
O Oslo
81%
Brasilia
79%
Bratislava
77%
Amsterdam
76%
Athen
76%
Ottawa
76%
Ankara
74%
Brüssel
68%
Andorra la Vella
61%
Pristina
61%
Algier
60%
U Ulan Bator
60%
I Islamabad
58%
L Ljubljana
58%
D Dhaka
53%
T Tripolis
53%
Dschibuti
52%
A Abu Dhabi
50%
Addis Abeba
48%
C Chisinau
48%
Pretoria
48%
Amman
47%
F Freetown
45%
Pjöngjang
45%
Asmara
44%
Astana
44%
P Phnom Penh
42%
S Skopje
42%
Accra
40%
Antananarivo
40%
Asgabat
39%
Asuncion
37%
K Khartum
37%
Abuja
34%
Praia
34%
Brazzaville
27%
Bridgetown
27%
Apia
26%
M Mbabane
26%
Ngerulmud
26%
Thimphu
26%
N N'Djamena
24%
B Bloemfontein
21%
Keine übereinstimmenden Quizze gefunden
Verteilung der Resultate
Anzahl Personen mit jedem Resultat
Perzentil nach korrekt beantworteten Fragen
Ihre Resultats-Entwicklung
Sie haben dieses Quiz seit der letzten Aktualisierung nicht gespielt